مبادئ المعادلات التفاضلية و تطبيقاتها : (رقم التسجيلة. 11080)

تفاصيل مارك
000 -LEADER
fixed length control field 00722nam a22002057a 4500
005 - DATE AND TIME OF LATEST TRANSACTION
control field 20251108164645.0
008 - FIXED-LENGTH DATA ELEMENTS--GENERAL INFORMATION
fixed length control field 250721s1984 xx 000 0 ara d
082 14 - DEWEY DECIMAL CLASSIFICATION NUMBER
Classification number 517.38/دير
100 1# - MAIN ENTRY--PERSONAL NAME
Personal name ديرك، وليم . ر
Relator term مؤلف
245 10 - TITLE STATEMENT
Title مبادئ المعادلات التفاضلية و تطبيقاتها :
Remainder of title مساق موجز /
264 1# - PRODUCTION, PUBLICATION, DISTRIBUTION, MANUFACTURE, AND COPYRIGHT NOTICE
Place of production, publication, distribution, manufacture عمان :
Name of producer, publisher, distributor, manufacturer مجمع اللغة العربية،
Date of production, publication, distribution, manufacture, or copyright notice 1984.
300 ## - PHYSICAL DESCRIPTION
Extent 725ص.
650 17 - SUBJECT ADDED ENTRY--TOPICAL TERM
Topical term or geographic name as entry element حساب التفاضل
650 17 - SUBJECT ADDED ENTRY--TOPICAL TERM
Topical term or geographic name as entry element حساب التكامل
650 17 - SUBJECT ADDED ENTRY--TOPICAL TERM
Topical term or geographic name as entry element المعادلات التفاضلية
700 1# - ADDED ENTRY--PERSONAL NAME
Personal name غروسمان، ستانلي
Relator term مؤلف
700 1# - ADDED ENTRY--PERSONAL NAME
Personal name سعيدان، أحمد سليم
Relator term ترجمة
942 ## - ADDED ENTRY ELEMENTS (KOHA)
Source of classification or shelving scheme Dewey Decimal Classification
Koha item type كتب
المقتنيات
حالة السحب حالة الفقدان مصدر التصنيف حالة التلف غير قابل للإعارة المكتبة الرئيسية المكتبة الحالية موقع الرف تاريخ التزويد الرقم المتسلسل Total Checkouts رقم الإستدعاء تاريخ آخر ظهور تاريخ الفاتورة نوع المادة (كوها) الباركود
    Dewey Decimal Classification     المكتبة المركزية المكتبة المركزية مقتنيات قسم التزويد 28/07/2025 1175310   517.38/دير 28/07/2025 28/07/2025 كتب 1175310
    Dewey Decimal Classification     المكتبة المركزية المكتبة المركزية مقتنيات قسم التزويد 28/07/2025 1175311   517.38/دير 28/07/2025 28/07/2025 كتب 1175311
    Dewey Decimal Classification Unchecked   مكتبة أم قصير والمقابلين العامة مكتبة أم قصير والمقابلين العامة الإعارة 06/07/2004 3162   517.38/دير 28/07/2025 06/07/2004 كتب  
    Dewey Decimal Classification Unchecked   مكتبة صويلح العامة مكتبة صويلح العامة الإعارة 06/07/2004 4098   517.38/دير 28/07/2025 06/07/2004 كتب  
    Dewey Decimal Classification     مكتبة مرج الحمام مكتبة مرج الحمام الإعارة 28/07/2025 1175308   517.38/دير 28/07/2025 28/07/2025 كتب 1175308
Implemented & Customized by: BBB with SCIT (Smart Chains for Information Technology)

Powered by Koha